000 00815cam a2200265 i 4500
999 _c34889
_d34889
001 2278875
003 OSt
005 20200131105038.0
008 790806s1978 ii b 001 0 eng
020 _a8174936165
040 _coclc
082 0 0 _a301.32
_bBHE/P
100 _aBhende, Asha A
_d1928-
_91688
245 1 0 _aPrinciples of population studies /
_cAsha A Bhende ; Tara Kanitkar
250 _a1st ed.
260 _aBombay :
_bHimalaya Pub. House,
_c1978.
300 _a599p
504 _aIncludes bibliographical references and index.
650 0 _aPopulation.
650 0 _aDemography.
651 0 _aIndia
_xPopulation.
700 1 _aKanitkar, Tara,
_ejoint author.
906 _a7
_bcbc
_corignew
_d4
_encip
_f19
_gy-gencatlg
942 _2ddc
_cBK
_h301.32
_iBHE/P
_k301.32
_mBHE/P